Welcome to the Holygrace Academy Library

Please use search bar below to get started

BEST WORLD BOOK EVER (Record no. 2685)

MARC details
000 -LEADER
fixed length control field 00254nam a22001097a 4500
082 ## - DEWEY DECIMAL CLASSIFICATION NUMBER
Classification number 030
Item number SCA/B
100 ## - MAIN ENTRY--AUTHOR NAME
Personal name SCARRY'S, RICHARD
245 ## - TITLE STATEMENT
Title BEST WORLD BOOK EVER
260 ## - PUBLICATION, DISTRIBUTION, ETC. (IMPRINT)
Place of publication LONDON
Name of publisher HARPER COLLINS
650 ## - SUBJECT ADDED ENTRY--TOPICAL TERM
Topical Term BEST WORLD BOOK EVER
Geographic subdivision LONDON
942 ## - ADDED ENTRY ELEMENTS (KOHA)
Koha item type Books
Holdings
Withdrawn status Lost status Collection code Home library Current library Shelving location Date acquired Source of acquisition Full call number Accession Number Koha item type
    Reference Main Library Main Library   28/10/2019 PURCHASE 030 SCA/B 11777 Books